Statistics for Famous Hispanic-Americans

Click here to take the quiz!

General Stats

  • This quiz has been taken 38 times
  • The average score is 9 of 20

Answer Stats

HintAnswer% Correct
Jenny from the BlockJennifer Lopez
91%
Singer of "Livin' la Vida Loca"Ricky Martin
74%
Justin Bieber's exSelena Gomez
74%
Buxom star of "Modern Family"Sofía Vergara
59%
Star of "Frida", the movieSalma Hayek
56%
Miami Sound Machine singerGloria Estefan
50%
Texas SenatorTed Cruz
50%
Youngest U.S. RepresentativeAlexandria
Ocasio-Cortez
50%
DespacitoLuis Fonsi
47%
Band leader and husband
of Lucille Ball
Desi Arnaz
44%
Created musical HamiltonLin-Manuel Miranda
44%
First Latin Supreme Court justiceSonia Sotomayor
44%
One of the Charlie's AngelsCameron Diaz
41%
Chicano leader who organized
farm workers
Cesar Chavez
41%
Steroidal shortstopAlex Rodriguez
35%
Cubs star who hit 66 home
runs in 1998
Sammy Sosa
29%
West Side Story leading actressRita Moreno
21%
Pirates' 1960s fielderRoberto Clemente
18%
Fashion designer who dresses
the First Lady since 1960s
Carolina Herrera
9%
"In the Time of the Butterflies"Julia Alvarez
3%

Score Distribution

Percentile by Number Answered

Percent of People with Each Score

Your Score History

You have not taken this quiz